000 00277nam a2200109Ia 4500
008 200302s9999 xx 000 0 und d
100 _aR. K. Pachauri
245 _aDealing with Climate Change
260 _bThe Energy and Resources Institute
260 _c2010
300 _a238 P.,
999 _c5756
_d5756